| 000 | 00575nam a22001697a 4500 | ||
|---|---|---|---|
| 020 | _qHard Cover. | ||
| 082 | _aBIT-10 HAJ | ||
| 100 | _aHajra Salim : Sahibzadi Noor. | ||
| 245 |
_aROBOT SOCCER SIMULATION / _cSalim, Hajra : Noor, Sahibzadi. |
||
| 260 |
_aIslamabad: _bSEECS-NUST, _c2012. |
||
| 300 |
_a71 p. : _bill. ; _c30cm. |
||
| 650 |
_aBachelor in Information Technology. _955447 |
||
| 700 |
_aShamyl Bin Mansoor. _955519 |
||
| 856 | _uhttp://10.250.8.41:8080/xmlui/handle/123456789/11733 | ||
| 942 |
_2ddc _cPR |
||
| 999 |
_c566362 _d566362 |
||